000 00715nam a2200253 i 4500
001 11192
003 ES-MaACL
005 20240528062715.0
007 t|
008 960216s1995 sp ||||1| spa d
020 _a8486351715
080 _a860-14"19"
100 1 _aVillena, Emilia.
_9115238
245 1 0 _aFuga en do menor y otros poemas /
_cEmilia Villena.
250 _a[1ª ed.].
260 _aHumanes, Madrid :
_bJuan Pastor,
_c1995.
300 _a59 p. ;
_c20 cm.
490 1 _aDevenir. Serie Poesía ;
_v91
655 7 _2tgfbne
_aPoesías
_9176539
830 0 0 _aDevenir.
_pSerie Poesía ;
_v91
_9236243
852 _aES-MaACL
_jP-1931 N 91
_bR.124585
_911492
942 _2udc
999 _c11192
_d11192